000 00488nam a2200205Ia 4500
003 0100
008 130303s9999 xx 000 0 und d
040 _cARRUPELIB
050 _aB765.T54G314 1957
100 _aGardeil, H. D. o. p
245 _aInitiation a la Philosophie De S. Thomas D'Aquin
245 _bPsychologie
250 _a(3rd ed.)
260 _aParis
260 _bLes â•”ditions Du Cerf
260 _C1957
300 _a251p.
300 _b20cm.
942 0 0 _01
999 _c50098
_d50098